Estatísticas para Cultura Geral

Clique aqui para jogar o quiz

Estatísticas Gerais

  • Esse quiz foi jogado 18 vezes
  • A pontuação média é 5 de 15

Estatísticas das Respostas

HintResposta% Correto
Que nome damos a um período de mil anos?Milénio
100%
Qual é a cor do Sol?Amarelo
80%
Que nome damos á técnica de criar renda ou tecido a partir de fios usando uma agulha de crochê?Crochê
73%
Que nome damos ao tempo em que um embrião se desenvolve dentro do útero materno?Gravidez
47%
Chamuça é um prato típico de que país?Índia
47%
A ilha de Quios pertence a que país?Grécia
40%
Em que ilha grega podemos encontrar a cidade de Chania?Creta
27%
O que é Unicum?Bebida
13%
Que nome damos a uma uma estrutura autossustentável projetada para restringir ou prevenir o acesso ao interior de sua área?Cerca
13%
Caldo de awara é um prato típico de que país?Guiana Francesa
13%
Biscoito de barro é um prato típico de que país?Haiti
13%
Halászlé é uma sopa típica de que país?Hungria
13%
Que nome damos a uma substância, pastosa ou sólida, obtida naturalmente pela secreção de certas plantas?Resina
13%
Que arte da física estuda sistemas sob a ação de forças que se equilibramEstática
7%
O que é Kalach?Pão
7%

Distribuição das Pontuações

Percentil de Números Respondidos

Porcentagem de Pessoas com Cada Pontuação

Sua Pontuação Histórica

Você não jogou esse quiz